Bajo el signo de la patria /

Aspectos de la vida del general Manuel Belgrano entre el momento en que se hace cargo del Ejército del Norte y la batalla de Salta.

Guardado en:
Autor Principal: Mugica, René
Formato: Deslizar
Publicado: Argentina, 1971.
Materias:
Etiquetas: Agregar Etiqueta
Sin Etiquetas, Sea el primero en etiquetar este registro!
LEADER 00913ngm a22002655g 4500
001 CEM.cems021413
008 130507s1971##################0###0#####d
005 20240822174100.0
245 1 0 |a Bajo el signo de la patria /  |c René Mugica. 
260 |a Argentina,  |c 1971. 
300 |a 105 
500 |a En soporte VHS, consultar en ventanilla. 
520 |a Aspectos de la vida del general Manuel Belgrano entre el momento en que se hace cargo del Ejército del Norte y la batalla de Salta. 
538 |a Soporte: VHS - Norma: Pal N - Color - Grabación Drd 1990 - Hitachi=0000 
100 1 |a Mugica, René 
082 9 8 |/ MUG 
653 |a ARGENTINA 
653 |a HISTORIA 
653 |a BIOGRAFIAS 
653 |a MANUEL BELGRANO 
653 |a CINE 
653 |a ARGENTINA-HISTORIA 
653 |a NIVEL PRIMARIO 
653 |a NIVEL SECUNDARIO 
859 |a CEMS  |b BIB. CEMS - Depto. Recursos Didacticos  |h 982  |i MUG  |k DRD  |p 56.12  |t Ej.1